[Event "FIDE Online Olympiad"]
[Site "Chess.com"]
[Date "2020.07.27"]
[EventDate "2020.07.25"]
[Round "8"]
[Result "1-0"]
[White "Hsu Lwin May"]
[Black "Gloria Sukhu"]
[WhiteElo "1987"]
[BlackElo "1411"]
[PlyCount "79"]

1. d4 Nf6 2. c4 e6 3. a3 Be7 4. Nc3 c6 5. Nf3 O-O 6. Bf4 d6
7. e3 Nh5 8. Bg3 Nxg3 9. hxg3 f5 10. Be2 Nd7 11. Qc2 Nf6
12. Nh4 Qa5 13. b4 Qc7 14. c5 d5 15. O-O Ne4 16. Nf3 Rf6
17. Ne5 Rh6 18. Nxe4 fxe4 19. f3 Bg5 20. f4 Bf6 21. g4 g5
22. g3 Qg7 23. Kg2 Bd7 24. Rh1 Rd8 25. a4 Bxe5 26. dxe5 Be8
27. Qc3 Rg6 28. f5 exf5 29. gxf5 d4 30. exd4 Rh6 31. Bc4+ Kf8
32. Qe3 Bf7 33. Bxf7 Kxf7 34. Qxe4 Kf8 35. Rxh6 Qxh6 36. Rh1
Qg7 37. f6 Qf7 38. e6 Qg6 39. Qxg6 hxg6 40. Rh8# 1-0

[Event "FIDE Online Olympiad"]
[Site "Chess.com"]
[Date "2020.07.27"]
[EventDate "2020.07.25"]
[Round "8"]
[Result "1-0"]
[White "Han Thiha Sai"]
[Black "Rudr Prasad"]
[WhiteElo "1768"]
[BlackElo "1526"]
[PlyCount "65"]

1. d4 d5 2. Bf4 Nf6 3. e3 e6 4. Nd2 c5 5. c3 Nc6 6. Ngf3 Be7
7. Ne5 cxd4 8. exd4 Bd7 9. Bd3 O-O 10. h4 a6 11. g4 Ne8 12. g5
g6 13. Qg4 Ng7 14. h5 Nxe5 15. dxe5 Bb5 16. Bc2 Bc6 17. Rh3
Rc8 18. O-O-O Qa5 19. hxg6 fxg6 20. Rxh7 Kxh7 21. Qh4+ Kg8
22. Bxg6 Nh5 23. Qxh5 Qxc3+ 24. bxc3 Ba3+ 25. Kb1 Rf7
26. Bxf7+ Kf8 27. Bxe6 Rc7 28. Qh8+ Ke7 29. Qf6+ Ke8 30. Rh1
Rf7 31. Qxf7+ Kd8 32. Rh8+ Be8 33. Rxe8# 1-0

[Event "FIDE Online Olympiad"]
[Site "Chess.com"]
[Date "2020.07.27"]
[EventDate "2020.07.25"]
[Round "8"]
[Result "1-0"]
[White "Aliuddin Azahari"]
[Black "Ali Khan Salman"]
[WhiteElo "2059"]
[BlackElo "1687"]
[PlyCount "75"]

1. e4 c5 2. Nf3 d6 3. Bb5+ Nd7 4. O-O a6 5. Bxd7+ Bxd7 6. c4
Bc6 7. Nc3 e6 8. d4 cxd4 9. Nxd4 Nf6 10. Re1 Be7 11. Bg5 O-O
12. h3 Nd7 13. Bxe7 Qxe7 14. b3 Rad8 15. Qd3 Ne5 16. Qe3 Kh8
17. Rad1 g5 18. Rd2 Ng6 19. Nxc6 bxc6 20. Qb6 Qf6 21. Ne2 g4
22. hxg4 Qg5 23. Red1 Qxg4 24. Qe3 Nh4 25. Qg3 Qh5 26. Nf4 Qh6
27. Rxd6 Rxd6 28. Rxd6 Rg8 29. Qc3+ f6 30. Nxe6 Nxg2 31. Kf1
Qh1+ 32. Ke2 Qh4 33. Qf3 Re8 34. Qxg2 Qh5+ 35. Qf3 Qe5 36. Qg4
f5 37. Qxf5 Qb2+ 38. Rd2 1-0

[Event "FIDE Online Olympiad"]
[Site "Chess.com"]
[Date "2020.07.27"]
[EventDate "2020.07.25"]
[Round "9"]
[Result "1-0"]
[White "Tun Nay Oo Kyaw"]
[Black "Mohammed Ahmed said Al Amri"]
[WhiteElo "2406"]
[BlackElo "1588"]
[PlyCount "115"]

1. d4 g6 2. Nf3 Bg7 3. Bf4 d6 4. e3 Nf6 5. h3 Nc6 6. Be2 b6
7. O-O Bb7 8. c4 O-O 9. Nc3 Re8 10. Bh2 e5 11. dxe5 Nxe5
12. Nxe5 dxe5 13. Qxd8 Raxd8 14. Rfd1 Nd7 15. Nb5 Nc5 16. Nxc7
Rxd1+ 17. Rxd1 Rc8 18. Nb5 f6 19. Nd6 Rc7 20. Nxb7 Rxb7 21. b3
Rd7 22. Rxd7 Nxd7 23. Bf3 Kf7 24. Kf1 Ke7 25. Ke2 f5 26. Bc6
Nb8 27. Bd5 Na6 28. e4 Nb4 29. a3 Nc2 30. Kd2 Nd4 31. b4 fxe4
32. Bxe4 Kd6 33. Kd3 Ne6 34. g3 a5 35. f4 axb4 36. axb4 Bh6
37. fxe5+ Kxe5 38. Bg1 Bf8 39. Bd5 Bxb4 40. Bxe6 Kxe6 41. Bxb6
h5 42. Ke4 Bd6 43. g4 hxg4 44. hxg4 Bh2 45. Be3 Bb8 46. c5 Bh2
47. Bf4 Bg1 48. c6 Bb6 49. Kd3 Ba5 50. Kc4 Bb6 51. Kb5 Bf2
52. Ka6 g5 53. Bxg5 Bg3 54. Kb7 Kf7 55. Bd8 Ke8 56. Bc7 Bf2
57. Be5 Kf7 58. c7 1-0

[Event "FIDE Online Olympiad"]
[Site "Chess.com"]
[Date "2020.07.27"]
[EventDate "2020.07.25"]
[Round "9"]
[Result "1-0"]
[White "Nur Zahira Zazali"]
[Black "Tanvi Prasad"]
[WhiteElo "1501"]
[BlackElo "1307"]
[PlyCount "115"]

1. e4 e5 2. Nf3 Nf6 3. Nc3 Nc6 4. Bb5 d6 5. d4 Bd7 6. Bxc6
Bxc6 7. d5 Bd7 8. O-O h6 9. h3 Be7 10. Ne2 O-O 11. Ng3 c6
12. c4 Qc8 13. Be3 b6 14. Kh2 cxd5 15. cxd5 Qd8 16. Rc1 Nh7
17. Qd2 Ng5 18. Nxg5 Bxg5 19. f4 exf4 20. Bxf4 Bxf4 21. Qxf4
Qe7 22. Nf5 Bxf5 23. Qxf5 Rae8 24. Rf4 g6 25. Qg4 h5 26. Qf3
Qe5 27. Qg3 g5 28. Rf5 Qxg3+ 29. Kxg3 f6 30. Kf3 Kg7 31. Rc6
Rd8 32. h4 Kg6 33. g4 gxh4 34. gxh5+ Kh6 35. Kg4 Rg8+ 36. Kxh4
Rg5 37. Rxf6+ Kg7 38. Kxg5 Rg8 39. Kf5 Kh7 40. Rc7+ Rg7
41. Rff7 Rxf7+ 42. Rxf7+ Kh6 43. Kg4 a6 44. Rf6+ Kg7 45. Rxd6
b5 46. Rxa6 b4 47. Kg5 Kf7 48. h6 b3 49. h7 bxa2 50. Rxa2 Kg7
51. Ra7+ Kh8 52. Ra8+ Kxh7 53. d6 Kg7 54. Ra7+ Kf8 55. Kg6 Ke8
56. Kf6 Kd8 57. Ke6 Ke8 58. Ra8# 1-0

[Event "FIDE Online Olympiad"]
[Site "Chess.com"]
[Date "2020.07.27"]
[EventDate "2020.07.25"]
[Round "7"]
[Result "1-0"]
[White "Husein Aziz Nezad"]
[Black "Husain Ayyad"]
[WhiteElo "2430"]
[BlackElo "2249"]
[PlyCount "106"]

1. e4  1... e5  2. Nf3 
2... Nc6  3. Bb5  3... a6 
4. Ba4  4... Nf6  5. O-O 
5... Be7  6. Re1  6... b5 
7. Bb3  7... d6  8. c3  8...
O-O  9. h3  9... h6  10. d3
 10... Bb7  11. Nbd2 
11... Re8  12. Nf1  12... Bf8  13. Ng3  13... Na5  14. Bc2
 14... c5  15. Nh2  15...
d5  16. Qf3  16... c4  17.
Ng4  17... Nxg4  18. hxg4 
18... Be7  19. dxc4  19... dxc4  20. Rd1  20... Qb6  21. Nf5
 21... Qe6  22. Be3  22...
Rad8  23. Nxe7+  23... Qxe7  24. Bb6  24... Rxd1+  25. Rxd1
 25... Nc6  26. Qe3  26...
Qe6  27. f3  27... Nb8  28.
Bc5  28... Qc6  29. Ba3 
29... Nd7  30. Rd6  30... Qc7  31. b3  31... cxb3  32. Bxb3
 32... Nf8  33. Qc5  33...
Qxc5+  34. Bxc5  34... Ne6  35. Be3  35... Rc8  36. Rd7
 36... Bc6  37. Ra7  37...
Ra8  38. Bxe6  38... Rxa7 
39. Bxa7  39... fxe6  40. Bb8  40... Kf8  41. Bxe5  41... Kf7
 42. Kf2  42... g6  43.
Ke3  43... a5  44. Kd4 
44... a4  45. Kc5  45... Be8  46. Kd6  46... h5  47. g5  47... Kf8  48. a3  48... Bf7
 49. Kd7  49... Be8+  50.
Kxe6  50... Kg8  51. Kf6 
51... Bf7  52. Bd4  52... Bc4  53. e5   1-0

[Event "FIDE Online Olympiad"]
[Site "Chess.com"]
[Date "2020.07.27"]
[EventDate "2020.07.25"]
[Round "7"]
[Result "1-0"]
[White "Al-Homaid, Abdullah Mohammed"]
[Black "Al Mahmood, Salman"]
[WhiteElo "1301"]
[BlackElo "1588"]
[PlyCount "112"]

1. e4  1... d6  2. d4 
2... g6  3. Nf3  3... Bg7 
4. Bc4  4... Nf6  5. Nc3 
5... O-O  6. O-O  6... Nbd7  7. Re1  7... e5  8. Bg5  8... Re8  9. Qd2  9... c6  10. a4  10... Qc7  11. Ba2
 11... exd4  12. Nxd4 
12... Nc5  13. Qf4  13... Nh5  14. Qd2  14... Ne6  15. Nxe6
 15... Bxe6  16. Kh1 
16... f6  17. Bh6  17... g5  18. Bxg7  18... Kxg7  19. Qe2
 19... Nf4  20. Qe3  20...
Bf7  21. Ne2  21... d5  22.
Ng3  22... dxe4  23. Bxf7 
23... Qxf7  24. Nf5+  24... Kh8  25. Nd6  25... Qh5  26. Nxe8
 26... Rxe8  27. Qg3 
27... f5  28. Rad1  28... Qg6 
29. Rd7  29... Nd5  30. Rxb7  30... f4  31. Qg4  31... e3  32. fxe3  32... Nxe3  33. Qe2
 33... Qe4  34. Rb3  34...
Qxa4  35. Qd3  35... Qa5 
36. Qd4+  36... Kg8  37. Rg1  37... Rd8  38. Qe4  38... Qd5
 39. Qd3  39... Qxd3  40.
Rxd3  40... Rxd3  41. cxd3  41... Kf7  42. Rc1  42... Ke6
 43. Rxc6+  43... Kd5  44.
Rc7  44... h5  45. Rxa7 
45... Ng4  46. Ra5+  46... Kd4  47. Kg1  47... Kxd3  48. Rxg5
 48... Kc4  49. Rxh5  49...
Kb3  50. Rb5+  50... Ka4 
51. Rb8  51... Ne5  52. Kf2 
52... Ka5  53. g3  53... fxg3+  54. hxg3  54... Ng4+  55. Kf3
 55... Ne5+  56. Kf4   1-0

[Event "FIDE Online Olympiad"]
[Site "Chess.com"]
[Date "2020.07.27"]
[EventDate "2020.07.25"]
[Round "7"]
[Result "1-0"]
[White "Halima Hammadi"]
[Black "Al-Qassabi, Layan Mansour"]
[WhiteElo "1181"]
[BlackElo "1167"]
[PlyCount "130"]

1. Nf3  1... Nf6  2. Nc3 
2... g6  3. e4  3... d6  4.
d4  4... Bg7  5. Be3  5...
O-O  6. Bd3  6... Qe8  7. O-O
 7... Nbd7  8. Qe2  8...
e5  9. d5  9... a6  10. a3
 10... c6  11. Bg5  11... h6
 12. Bxf6  12... Nxf6  13.
Qe3  13... Bg4  14. h3 
14... Bxf3  15. Qxf3  15... Nh5  16. g3  16... Qd7  17. g4  17... Nf4  18. Rae1  18... Qe7
 19. Ne2  19... Nxe2+  20.
Rxe2  20... Qh4  21. Re3 
21... Bf6  22. Bc4  22... Bg5  23. Rc3  23... Bf4  24. Rd1
 24... cxd5  25. Bxd5  25...
Rab8  26. a4  26... Kg7 
27. Kf1  27... Qg5  28. Rdd3  28... Qh4  29. b4  29... Qg5
 30. b5  30... axb5  31.
axb5  31... Bd2  32. h4 
32... Qf4  33. Ra3  33... Qxf3  34. Rxf3  34... Bc1  35. Ra1
 35... Bf4  36. Re1  36...
Bd2  37. Re2  37... Bf4 
38. c4  38... b6  39. h5 
39... gxh5  40. gxh5  40... Kf6  41. Rc2  41... Rg8  42. Ke2
 42... Rg7  43. Ke1  43...
Rg1+  44. Ke2  44... Rh1 
45. Kd3  45... Ra8  46. Kc3 
46... Rg8  47. Kb4  47... Rf8  48. c5  48... bxc5+  49. Rxc5
 49... dxc5+  50. Kxc5 
50... Rc8+  51. Kb4  51... Rxh5  52. Bb7  52... Rb8  53. Bd5  53... Rg5  54. Bc4  54... h5
 55. Rb3  55... h4  56.
Ka4  56... Ra8+  57. Kb4 
57... Bd2+  58. Kc5  58... Rc8+  59. Kd6  59... Rd8+  60. Kc5
 60... Rc8+  61. Kd6 
61... Rxc4  62. b6  62... Rc8  63. b7  63... Rb8  64. Kc7
 64... Rgg8  65. Rb6+   1-0

[Event "FIDE Online Olympiad"]
[Site "Chess.com"]
[Date "2020.07.27"]
[EventDate "2020.07.25"]
[Round "7"]
[Result "1-0"]
[White "Ahmad Najjar"]
[Black "Elvis Havyarimana"]
[WhiteElo "2178"]
[BlackElo "1724"]
[PlyCount "56"]

1. g3  1... e6  2. c4 
2... d5  3. cxd5  3... exd5  4. Bg2  4... Nf6  5. Nf3  5... Bd6  6. O-O  6... c5  7. d4  7... cxd4  8. Nxd4  8... Nc6  9. Nc3  9... Be6
 10. Bg5  10... Be7  11.
Rc1  11... O-O  12. e3 
12... Rc8  13. a3  13... Nxd4  14. Qxd4  14... h6  15. Bxf6  15... Bxf6  16. Qxa7  16... Qd7
 17. Rfd1  17... Bxc3  18.
Rxc3  18... Qb5  19. Qd4 
19... Rxc3  20. Qxc3  20... Rc8  21. Qd2  21... Rd8  22. Qd4
 22... b6  23. e4  23...
Bg4  24. Rc1  24... Rd7 
25. exd5  25... Be6  26. a4  26... Qb3  27. Rc8+  27... Kh7
 28. Qe4+   1-0

[Event "FIDE Online Olympiad"]
[Site "Chess.com"]
[Date "2020.07.27"]
[EventDate "2020.07.25"]
[Round "7"]
[Result "1-0"]
[White "Ezio Righi"]
[Black "Mashala Kabamwanishi"]
[WhiteElo "1994"]
[BlackElo "1856"]
[PlyCount "62"]

1. e4  1... e5  2. Nf3 
2... Nc6  3. Bb5  3... Nf6  4. d3  4... Bc5  5. O-O  5... d6  6. h3  6... O-O  7. c3  7... Bb6  8. Nbd2  8... Ne7  9. Nc4  9... c6  10. Nxb6  10... axb6  11. Bc4
 11... b5  12. Bb3  12...
Ng6  13. a3  13... Qe7  14.
Kh2  14... Nh5  15. g3 
15... Kh8  16. Ng1  16... Nf6  17. Bg5  17... h6  18. Be3
 18... d5  19. Qf3  19...
Be6  20. Bc2  20... Rfd8 
21. Rad1  21... d4  22. cxd4  22... exd4  23. Bd2  23... Qc5
 24. Rc1  24... Qe5  25.
Qg2  25... Qb8  26. f4 
26... Ne7  27. f5  27... Bd7  28. Nf3  28... Nfg8  29. Bb3
 29... Be8  30. Bf4  30...
Qa7  31. g4   1-0

[Event "FIDE Online Olympiad"]
[Site "Chess.com"]
[Date "2020.07.27"]
[EventDate "2020.07.25"]
[Round "7"]
[Result "1-0"]
[White "Sangi Bihutu, Daniel"]
[Black "Danilo Volpinari"]
[WhiteElo "1640"]
[BlackElo "1946"]
[PlyCount "80"]

1. e4  1... c5  2. Nf3 
2... g6  3. Bc4  3... Bg7 
4. O-O  4... Nc6  5. c3 
5... d6  6. d3  6... a6 
7. Bg5  7... Bg4  8. h3 
8... Bxf3  9. Qxf3  9... Ne5  10. Qe2  10... Nxc4  11. dxc4
 11... Qc7  12. Nd2  12...
Nf6  13. f4  13... Nd7 
14. Rae1  14... f6  15. Bh4  15... O-O  16. f5  16... g5
 17. Bg3  17... Rfb8  18.
h4  18... h6  19. hxg5 
19... fxg5  20. Qh5  20... Qd8  21. Nf3  21... Nf6  22. Qg6
 22... b5  23. b3  23...
bxc4  24. bxc4  24... Rb6 
25. e5  25... Nd7  26. Qe6+  26... Kh8  27. f6  27... exf6
 28. exf6  28... Nxf6  29.
Re3  29... d5  30. Qf5 
30... Ra7  31. Be5  31... d4  32. cxd4  32... Rc7  33. Bxc7  33... Qxc7  34. Rfe1  34... Rb8
 35. Re7  35... Qg3  36.
Nh2  36... Rb2  37. Qc8+ 
37... Kh7  38. Qf5+  38... Kh8  39. Re8+  39... Nxe8  40. Rxe8+
  1-0

[Event "FIDE Online Olympiad"]
[Site "Chess.com"]
[Date "2020.07.27"]
[EventDate "2020.07.25"]
[Round "7"]
[Result "1-0"]
[White "Ebrima Bah"]
[Black "Bongo Akanga Ndjila, Barthelemy"]
[WhiteElo "2085"]
[BlackElo "1887"]
[PlyCount "84"]

1. e4  1... d6  2. d4 
2... Nf6  3. Be2  3... Nxe4 
4. Nf3  4... d5  5. c4 
5... e6  6. Kf1  6... Be7 
7. Bf4  7... O-O  8. Nbd2 
8... Nc6  9. Nb3  9... a5 
10. Bd3  10... a4  11. Nbd2  11... Nxd2+  12. Qxd2  12... Nb4
 13. Bb1  13... dxc4  14.
a3  14... Nd3  15. Bc2 
15... b6  16. Kg1  16... Nxb2  17. Bxh7+  17... Kxh7  18. Qxb2
 18... Qd5  19. Bxc7  19...
b5  20. Re1  20... Bf6  21.
Be5  21... Rh8  22. Qc2+ 
22... Kg8  23. Qd2  23... Rh6  24. Qf4  24... Rg6  25. h4
 25... Bb7  26. Rh3  26...
Rc8  27. h5  27... Rh6 
28. g4  28... Bxe5  29. Rxe5  29... Qd7  30. g5  30... Rh8
 31. h6  31... gxh6  32.
gxh6  32... Kf8  33. Ng5 
33... Ke7  34. Qxf7+  34... Kd6  35. Rxe6+  35... Kc7  36. Re7
 36... Rhd8  37. Ne6+ 
37... Kb8  38. Rxd7  38... Rg8+  39. Rg3  39... Rxg3+  40. fxg3
 40... Bc6  41. Nc5  41...
Bxd7  42. Qxd7   1-0

[Event "FIDE Online Olympiad"]
[Site "Chess.com"]
[Date "2020.07.27"]
[EventDate "2020.07.25"]
[Round "8"]
[Result "1-0"]
[White "Al Mahmood, Salman"]
[Black "Bongo Ngombele, Tary"]
[WhiteElo "1588"]
[BlackElo "1688"]
[PlyCount "158"]

1. d4  1... d5  2. Nf3 
2... Nf6  3. e3  3... c6 
4. Bd3  4... Nbd7  5. O-O 
5... e6  6. Nbd2  6... Bd6 
7. Qe2  7... O-O  8. e4 
8... dxe4  9. Nxe4  9... Nxe4  10. Bxe4  10... Nf6  11. Bg5
 11... h6  12. Bh4  12...
Be7  13. Bd3  13... Qd7 
14. c3  14... Rd8  15. Ne5 
15... Qd6  16. Bg3  16... Qd5  17. Rfd1  17... b5  18. c4  18... bxc4  19. Bxc4  19... Qe4
 20. Qxe4  20... Nxe4  21.
Nxc6  21... Nxg3  22. Nxe7+  22... Kf8  23. Nxc8  23... Raxc8
 24. Bxe6  24... Rc2  25.
Bg4  25... Ne2+  26. Bxe2 
26... Rxe2  27. b3  27... Re4  28. d5  28... Re5  29. d6  29... Re6  30. d7  30... Re7
 31. Rac1  31... Rexd7 
32. Rxd7  32... Rxd7  33. Rc8+  33... Ke7  34. g3  34... Rd2
 35. Rc7+  35... Rd7  36.
Rxd7+  36... Kxd7  37. Kf1  37... Kc6  38. Ke2  38... Kd5
 39. Kd3  39... Kc5  40.
Kc3  40... Kd5  41. a4 
41... f5  42. b4  42... g5 
43. a5  43... a6  44. f4 
44... gxf4  45. gxf4  45... h5  46. b5  46... axb5  47. a6  47... Kc6  48. a7  48... Kb7
 49. a8=Q+  49... Kxa8 
50. Kb4  50... Kb8  51. Kxb5  51... Kb7  52. Kc5  52... Kc7
 53. Kd5  53... Kd7  54.
Ke5  54... Ke7  55. Kxf5 
55... Kf7  56. Kg5  56... Ke6  57. f5+  57... Ke5  58. Kg6
 58... Kd6  59. f6  59...
Ke6  60. f7  60... Ke7 
61. Kg7  61... Ke6  62. f8=Q  62... Ke5  63. h4  63... Ke4
 64. Qf6  64... Ke3  65.
Qf5  65... Kd4  66. Qe6 
66... Kc5  67. Qd7  67... Kc4  68. Qd6  68... Kc3  69. Qd5  69... Kb4  70. Qc6  70... Kb3
 71. Qc5  71... Kb2  72.
Qc4  72... Kb1  73. Qc3 
73... Ka2  74. Qb4  74... Ka1  75. Kf6  75... Ka2  76. Ke5
 76... Ka1  77. Kd4  77...
Ka2  78. Kc3  78... Ka1 
79. Qb2#   1-0

[Event "FIDE Online Olympiad"]
[Site "Chess.com"]
[Date "2020.07.27"]
[EventDate "2020.07.25"]
[Round "8"]
[Result "1-0"]
[White "Bakary Traore"]
[Black "Ebrima Bah"]
[WhiteElo "2145"]
[BlackElo "2085"]
[PlyCount "72"]

1. e4  1... c6  2. d4 
2... e6  3. Nf3  3... d5 
4. e5  4... c5  5. c3 
5... Nc6  6. Bd3  6... Qb6  7. O-O  7... Bd7  8. dxc5  8... Bxc5  9. b4  9... Be7
 10. Re1  10... Nh6  11.
Bxh6  11... gxh6  12. a4 
12... Rg8  13. a5  13... Qd8  14. Nbd2  14... Bg5  15. Nb3
 15... Ne7  16. h4  16...
Bf4  17. Nc5  17... Ng6 
18. Bxg6  18... Rxg6  19. Qd4  19... Rg4  20. g3  20... h5  21. Nxb7  21... Qe7  22. Nh2
 22... Rxh4  23. gxf4  23...
Rxh2  24. Nd6+  24... Kd8 
25. Kxh2  25... Qh4+  26. Kg2  26... Qg4+  27. Kf1  27... Ke7
 28. Qc5  28... Rg8  29.
Ne4+  29... Kd8  30. Nf6 
30... Qg2+  31. Ke2  31... Rg3  32. Qf8+  32... Kc7  33. Qd6+
 33... Kc8  34. Qxd7+ 
34... Kb8  35. Qd6+  35... Kc8  36. Qc6+   1-0

[Event "FIDE Online Olympiad"]
[Site "Chess.com"]
[Date "2020.07.27"]
[EventDate "2020.07.25"]
[Round "8"]
[Result "1-0"]
[White "Mashala Kabamwanishi"]
[Black "Jallah Jacob"]
[WhiteElo "1856"]
[BlackElo "1902"]
[PlyCount "154"]

1. e4  1... e6  2. Qe2  2...
e5  3. Nf3  3... Nf6  4. g3
 4... d6  5. Bg2  5... Be7
 6. O-O  6... O-O  7. c3
 7... Bg4  8. h3  8... Be6
 9. d4  9... Qc8  10. Kh2
 10... exd4  11. cxd4 
11... a6  12. b3  12... Bd7  13. Bb2  13... Bb5  14. Qe3
 14... Bxf1  15. Bxf1 
15... h6  16. Nc3  16... Nc6  17. e5  17... dxe5  18. dxe5
 18... Nh7  19. Nd5  19...
Re8  20. Nxe7+  20... Rxe7  21. Bd3  21... Nb4  22. Bxh7+
 22... Kh8  23. Be4  23...
c5  24. Rd1  24... Nxa2 
25. Rd6  25... Re6  26. Bf5  26... c4  27. Bxe6  27... fxe6
 28. bxc4  28... Qxc4  29.
Qd3  29... Qxd3  30. Rxd3 
30... Rc8  31. Nd4  31... Nb4  32. Rc3  32... Rxc3  33. Bxc3
 33... Nd5  34. Bd2  34...
Kg8  35. Nxe6  35... b5 
36. Nc5  36... b4  37. Nxa6  37... b3  38. Bc1  38... Ne7
 39. Nc5  39... Nc6  40.
Nxb3  40... Nxe5  41. f4 
41... Nf3+  42. Kg2  42... Ne1+  43. Kf1  43... Nd3  44. Ke2
 44... Nb4  45. Kf3  45...
Kh7  46. Nc5  46... g6 
47. Bd2  47... Nd5  48. Nd7 
48... Kg7  49. Ke4  49... Ne7  50. Bc3+  50... Kf7  51. Ne5+
 51... Ke6  52. g4  52...
Nd5  53. Bd2  53... Nf6+ 
54. Kd4  54... g5  55. fxg5  55... hxg5  56. Bxg5  56... Nh7
 57. Be3  57... Kf6  58.
h4  58... Kg7  59. Ke4 
59... Nf6+  60. Kf5  60... Nd5  61. Bd4  61... Kh7  62. g5
 62... Ne7+  63. Ke6  63...
Ng8  64. Kf7  64... Nh6+ 
65. gxh6  65... Kxh6  66. Kf6  66... Kh5  67. Bf2  67... Kh6
 68. Kf5  68... Kh5  69.
Bg3  69... Kh6  70. Kg4 
70... Kh7  71. Kg5  71... Kh8  72. Kg6  72... Kg8  73. Nd7  73... Kh8  74. Bd6  74... Kg8
 75. h5  75... Kh8  76. h6
 76... Kg8  77. h7+   1-0

[Event "FIDE Online Olympiad"]
[Site "Chess.com"]
[Date "2020.07.27"]
[EventDate "2020.07.25"]
[Round "8"]
[Result "1-0"]
[White "James S Tondo"]
[Black "Sangi Bihutu, Daniel"]
[WhiteElo "1855"]
[BlackElo "1640"]
[PlyCount "66"]

1. e4  1... c5  2. Nf3 
2... d6  3. d4  3... cxd4 
4. Nxd4  4... Nc6  5. Nc3 
5... Nxd4  6. Qxd4  6... Qc7  7. Nd5  7... Qd8  8. Bb5+  8... Bd7  9. Qa4  9... e6  10. Bxd7+  10... Qxd7  11. Nc7+
 11... Ke7  12. Qxd7+ 
12... Kxd7  13. Nxa8  13... Be7  14. Be3  14... b6  15. O-O-O
 15... Nf6  16. e5  16...
Nd5  17. exd6  17... Bxd6 
18. Rxd5  18... exd5  19. Nxb6+  19... axb6  20. Bxb6  20... Kc6
 21. Bd4  21... f6  22. g3
 22... Re8  23. Kd2  23...
Re7  24. a4  24... Rb7 
25. b3  25... h6  26. f4 
26... Rf7  27. f5  27... Re7  28. Re1  28... Re4  29. Rxe4
 29... dxe4  30. Ke3  30...
Bc5  31. Bxc5  31... Kxc5 
32. a5  32... Kb5  33. b4 
 1-0

[Event "FIDE Online Olympiad"]
[Site "Chess.com"]
[Date "2020.07.27"]
[EventDate "2020.07.25"]
[Round "8"]
[Result "1-0"]
[White "Samer Salman"]
[Black "Alessandro Vivoli"]
[WhiteElo "1735"]
[BlackElo "1382"]
[PlyCount "50"]

1. e4  1... e5  2. Nf3 
2... Nc6  3. d4  3... exd4  4. Bc4  4... Bc5  5. c3  5... dxc3  6. Bxf7+  6... Kxf7
 7. Qd5+  7... Kf8  8.
Qxc5+  8... Nge7  9. Nxc3 
9... d6  10. Qc4  10... Ne5 
11. Nxe5  11... dxe5  12. Bg5  12... h6  13. Bh4  13... g5
 14. Bg3  14... Nc6  15. Rd1
 15... Qf6  16. Nd5  16...
Be6  17. Qc5+  17... Qe7 
18. Nxe7  18... Nxe7  19. Qxe5  19... Kf7  20. O-O  20... Rac8
 21. f4  21... Bg4  22.
fxg5+  22... Ke8  23. Qxh8+  23... Ng8  24. Qxg8+  24... Ke7
 25. Qf7#   1-0

[Event "FIDE Online Olympiad"]
[Site "Chess.com"]
[Date "2020.07.27"]
[EventDate "2020.07.25"]
[Round "8"]
[Result "1-0"]
[White "Husein Aziz Nezad"]
[Black "Dieudonne Muheto"]
[WhiteElo "2430"]
[BlackElo "1802"]
[PlyCount "118"]

1. e4  1... d5  2. exd5 
2... Qxd5  3. Nc3  3... Qd6  4. d4  4... Nf6  5. Nge2  5... c6  6. Bf4  6... Qd8  7. Qd3  7... g6  8. Ng3  8... Bg7  9. O-O-O  9... Nd5
 10. Nxd5  10... cxd5  11.
h4  11... h5  12. Kb1  12...
Nc6  13. c3  13... O-O  14.
Be2  14... Bd7  15. Ka1  15...
a6  16. Bxh5  16... gxh5 
17. Nxh5  17... Bg4  18. Nxg7  18... Bxd1  19. Qg3  19... Kh7
 20. Qg5  20... Rh8  21. Rxd1
 21... e5  22. Nf5  22...
Qxg5  23. Bxg5  23... Kg6 
24. g4  24... f6  25. Be3 
25... e4  26. a3  26... b5  27. Bf4  27... Kf7  28. h5
 28... Ne7  29. Ne3  29...
Ke6  30. Rh1  30... Raf8 
31. Ka2  31... f5  32. g5 
32... Ng6  33. Ng2  33... a5  34. Rh2  34... Ne7  35. Be5
 35... Rh7  36. Nf4+ 
36... Kd7  37. g6  37... Rh6  38. Bg7  38... Rfh8  39. Bxh8
 39... Rxh8  40. g7  40...
Rh7  41. h6  41... Ng8 
42. Nxd5  42... Rxh6  43. Rxh6  43... Nxh6  44. Nf6+  44... Ke6
 45. g8=Q+  45... Nxg8  46.
Nxg8  46... f4  47. d5+ 
47... Kxd5  48. Nf6+  48... Ke5  49. Nh5  49... e3  50. fxe3
 50... fxe3  51. Ng3 
51... Kf4  52. Ne2+  52... Kf3  53. Nd4+  53... Ke4  54. Kb3
 54... Kd3  55. Nf3  55...
e2  56. a4  56... Ke3  57.
Ne1  57... Kd2  58. Ng2 
58... Kc1  59. axb5   1-0